000 00333nam a2200133 a 4500
005 20140310183132.0
008 030204s19uu xx 00 eng d
022 _21854716204
050 _aGC 9
_b.B154 1995
245 _aThe Illustrated dictionary of Oceanography /
650 _aOceanography
942 _cBK
_2lcc
999 _c19190
_d19190